The Intersection of age and gender: reworking gender theory and social gerontology /

Este artículo discute la posición de las mujeres adultas mayores en la teoría de género y la gerontología social. Se demuestra que las mujeres adultas mayores son invisibilizadas en la teoría de género. Mientras tanto, las mujeres adultas mayores constituyen una población frecuentemente analizada en...

Повний опис

Збережено в:
Бібліографічні деталі
Автор: Krekula, Clary
Формат: Текст
Предмети:
Теги: Додати тег
Немає тегів, Будьте першим, хто поставить тег для цього запису!

MARC

LEADER 00000 a a2200000 04500
001 4764
003
040
100 |a Krekula, Clary  
245 |a The Intersection of age and gender:   |b reworking gender theory and social gerontology /  |c Clary Krekula 
520 |a Este artículo discute la posición de las mujeres adultas mayores en la teoría de género y la gerontología social. Se demuestra que las mujeres adultas mayores son invisibilizadas en la teoría de género. Mientras tanto, las mujeres adultas mayores constituyen una población frecuentemente analizada en los estudios de gerontología social, generalmente representadas en la miseria. En este artículo se exponen los resultados de un grupo focal realizado con una muestra de mujeres mayores de 75 años, y se analizan los significados del envejecimiento y las percepciones sobre el cambio corporal así como, el artículo promueve una mayor comprensión de la intersección entre género y envejecimiento  
650 |a ANALISIS DE GENERO  
650 |a GERONTOLOGIA SOCIAL  
650 |a ADULTEZ MAYOR  
650 |a MUJERES  
650 |a RELACIONES DE PODER  
650 |a MARGINALIDAD  
773 |g volumen 55, número 2; páginas 155-171  
999 |c 36128  |d 36128